Encyclopaedic Biography of The World Great Physicists (Volume 3) (Record no. 30096)
[ view plain ]
| 000 -LEADER | |
|---|---|
| fixed length control field | 00549 a2200157 4500 |
| 020 ## - INTERNATIONAL STANDARD BOOK NUMBER | |
| International Standard Book Number | 81-8220-158-6 |
| 082 ## - DEWEY DECIMAL CLASSIFICATION NUMBER | |
| Classification number | 530.09223 |
| 090 ## - LOCALLY ASSIGNED LC-TYPE CALL NUMBER (OCLC); LOCAL CALL NUMBER (RLIN) | |
| -- | 1485 |
| -- | 1485 |
| 100 ## - MAIN ENTRY--PERSONAL NAME | |
| Personal name | Basu, S. K. |
| 245 ## - TITLE STATEMENT | |
| Title | Encyclopaedic Biography of The World Great Physicists (Volume 3) |
| Statement of responsibility, etc. | S. K. Basu |
| 250 ## - EDITION STATEMENT | |
| Edition statement | 2006. |
| 260 ## - PUBLICATION, DISTRIBUTION, ETC. | |
| Place of publication, distribution, etc. | New Delhi |
| Name of publisher, distributor, etc. | Global Vision Publishing House |
| Date of publication, distribution, etc. | 2006 |
| 300 ## - PHYSICAL DESCRIPTION | |
| Extent | xx, 733-1100 |
| 942 ## - ADDED ENTRY ELEMENTS (KOHA) | |
| Institution code [OBSOLETE] | SNS |
| Koha item type | Book |
| Call number prefix | 530.09223 BAS |
| Withdrawn status | Lost status | Source of classification or shelving scheme | Damaged status | Not for loan | Permanent Location | Current Location | Shelving location | Date acquired | Full call number | Barcode | Date last seen | Price effective from | Koha item type |
|---|---|---|---|---|---|---|---|---|---|---|---|---|---|
| Not For Loan | School of Natural Sciences (SNS) | School of Natural Sciences (SNS) | Reference | 05/26/2016 | 530.09223 BAS | SNS0000605 | 05/26/2016 | 05/26/2016 | Book |
